000
00247nam a22000977a 4500
999
_c
11800
_d
11800
008
200218b ||||| |||| 00| 0 eng d
020
_a
9780439114257
100
_a
Keats Jack Ezra
_9
7481
245
_a
Peter's Chair
260
_a
New York
_b
Scholastic Inc